| 000 | 00747nam a2200193Ia 4500 | ||
|---|---|---|---|
| 008 | 090201s9999 xx 000 0 und d | ||
| 010 | _aKPL-68878 | ||
| 020 | _a81-7766-344-5 | ||
| 040 | _bमराठी | ||
| 041 | _aमराठी | ||
| 082 |
_a47417 _b68878 |
||
| 100 | _aपालखीवाला नानी / अनु. वाळिंबे वि.स. | ||
| 245 |
_a"वुइ,दि पीपल (रामबाग)" _cपालखीवाला नानी / अनु. वाळिंबे वि.स. |
||
| 250 | _a3 | ||
| 260 |
_c2002 _bमेहता पब्लिशिंग हाऊस |
||
| 300 |
_a394 _bमध्यम |
||
| 600 | _a"वुइ,दि पीपल (रामबाग)" | ||
| 942 | _cBOOK | ||
| 999 |
_c244115 _d244115 |
||